[Event "Sinquefield Cup 5th"]
[Site "Saint Louis"]
[Date "2017.08.03"]
[Round "2"]
[White "Carlsen, Magnus"]
[Black "Karjakin, Sergey"]
[Result "1-0"]
[WhiteElo "2822"]
[BlackElo "2773"]
[PlyCount "83"]
[EventDate "2017.08.02"]
[EventType "tourn"]
[EventRounds "9"]
[EventCountry "USA"]
[EventCategory "22"]
[SourceTitle "CBM 180"]
[Source "ChessBase"]
[SourceDate "2017.09.13"]
[SourceVersion "1"]
[SourceVersionDate "2017.09.13"]
[SourceQuality "1"]

1. Nf3 Nf6 2. g3 c5 3. Bg2 Nc6 4. O-O e5 5. e4 d6 6. d3 g6 7. a3 Bg7 8. c3 O-O
9. b4 a6 10. Nbd2 b5 11. Rb1 Nd7 12. Nb3 cxb4 13. axb4 Nb6 14. Be3 Be6 15. Qd2
Rc8 16. Rfc1 Re8 17. h4 Na4 18. c4 h5 19. Kh2 Bg4 20. cxb5 axb5 21. Na5 Nd4 22.
Rxc8 Qxc8 23. Rc1 Qd7 24. Nxd4 exd4 25. Bh6 Bh8 26. Rc6 Nc3 27. f3 Be6 28. Bf4
Be5 29. Bxe5 dxe5 30. f4 Qe7 31. Rc5 Rc8 32. Rxc8+ Bxc8 33. Nc6 Qd6 34. Nxe5
Qxb4 35. f5 Qd6 36. Nf3 gxf5 37. Qg5+ Kh7 38. e5 Qg6 39. Qd8 Be6 40. Ng5+ Kg7
41. Qxd4 Na4 42. Nh3 1-0

[Event "Sinquefield Cup 5th"]
[Site "Saint Louis"]
[Date "2017.08.04"]
[Round "3"]
[White "Anand, Viswanathan"]
[Black "Carlsen, Magnus"]
[Result "1/2-1/2"]
[WhiteElo "2783"]
[BlackElo "2822"]
[PlyCount "131"]
[EventDate "2017.08.02"]
[EventType "tourn"]
[EventRounds "9"]
[EventCountry "USA"]
[EventCategory "22"]
[SourceTitle "CBM 180"]
[Source "ChessBase"]
[SourceDate "2017.09.13"]
[SourceVersion "1"]
[SourceVersionDate "2017.09.13"]
[SourceQuality "1"]

1. e4 e5 2. Nf3 Nc6 3. Bb5 a6 4. Ba4 Nf6 5. O-O b5 6. Bb3 Bc5 7. Nc3 O-O 8. d3
d6 9. Nd5 h6 10. c3 Rb8 11. Re1 Ba7 12. Be3 Bxe3 13. Nxe3 Re8 14. a4 b4 15. a5
bxc3 16. bxc3 Be6 17. Bxe6 Rxe6 18. Nd5 Ne7 19. Nxf6+ Rxf6 20. d4 Ng6 21. g3
Qc8 22. Re3 Rb5 23. Nd2 h5 24. h4 Qh3 25. Qf1 Qg4 26. Qe2 Qxe2 27. Rxe2 Re6 28.
Nf1 Nf8 29. Rc2 exd4 30. cxd4 c5 31. dxc5 dxc5 32. Nd2 Rd6 33. Nc4 Rd4 34. Kg2
Ne6 35. Ra3 g6 36. Nd2 Kg7 37. Rac3 Rdb4 38. Ra2 Rd4 39. Rac2 Ra4 40. Nb3 Rxb3
41. Rxb3 Nd4 42. Rcb2 Nxb3 43. Rxb3 Rxe4 44. Rb6 Re6 45. Rb7 c4 46. Rc7 Re5 47.
Rxc4 Rxa5 48. Rc6 Ra2 49. Kf3 a5 50. Ra6 a4 51. Ke3 a3 52. Kf3 f6 53. Ra7+ Kf8
54. Kg2 Ra1 55. Kf3 Ke8 56. Ra6 Ke7 57. Kg2 Kf7 58. Kf3 Ra2 59. Kg2 g5 60. g4
gxh4 61. gxh5 Ra1 62. Ra7+ Kg8 63. h6 Kh8 64. Kh2 f5 65. f4 a2 66. Kg2 1/2-1/2

[Event "Sinquefield Cup 5th"]
[Site "Saint Louis"]
[Date "2017.08.09"]
[Round "7"]
[White "Svidler, Peter"]
[Black "Carlsen, Magnus"]
[Result "1/2-1/2"]
[WhiteElo "2749"]
[BlackElo "2822"]
[PlyCount "93"]
[EventDate "2017.08.02"]
[EventType "tourn"]
[EventRounds "9"]
[EventCountry "USA"]
[EventCategory "22"]
[SourceTitle "CBM 180"]
[Source "ChessBase"]
[SourceDate "2017.09.13"]
[SourceVersion "1"]
[SourceVersionDate "2017.09.13"]
[SourceQuality "1"]

1. e4 e5 2. Nf3 Nc6 3. d4 exd4 4. Nxd4 Nf6 5. Nxc6 bxc6 6. e5 Qe7 7. Qe2 Nd5 8.
c4 Ba6 9. b3 g6 10. f4 d6 11. Qf2 Nf6 12. Ba3 Qe6 13. Be2 dxe5 14. Bxf8 Kxf8
15. O-O exf4 16. Qxf4 Kg7 17. Nc3 Rae8 18. Bf3 Qe3+ 19. Qxe3 Rxe3 20. Na4 Bc8
21. Bxc6 Rd8 22. Rae1 Rxe1 23. Rxe1 Rd2 24. Nc3 Rc2 25. Nb5 Rxa2 26. Nxc7 Rb2
27. Ne8+ Nxe8 28. Rxe8 Be6 29. Bd5 Bxd5 30. cxd5 Rxb3 31. d6 Rd3 32. Ra8 Rxd6
33. Rxa7 Rd2 34. Ra6 g5 35. h3 h5 36. Ra5 Kg6 37. Rb5 Ra2 38. Kf1 Ra6 39. Kf2
f5 40. Rb8 Ra2+ 41. Kf3 Ra3+ 42. Kf2 g4 43. hxg4 hxg4 44. g3 Ra2+ 45. Kf1 Ra1+
46. Kf2 Ra2+ 47. Kf1 1/2-1/2

[Event "Sinquefield Cup 5th"]
[Site "Saint Louis"]
[Date "2017.08.11"]
[Round "9"]
[White "Carlsen, Magnus"]
[Black "Aronian, Levon"]
[Result "1-0"]
[WhiteElo "2822"]
[BlackElo "2809"]
[Annotator "Szabo,Kr"]
[PlyCount "103"]
[EventDate "2017.08.02"]
[EventType "tourn"]
[EventRounds "9"]
[EventCountry "USA"]
[EventCategory "22"]
[SourceTitle "CBM 180"]
[Source "ChessBase"]
[SourceDate "2017.09.13"]
[SourceVersion "1"]
[SourceVersionDate "2017.09.13"]
[SourceQuality "1"]

1. e4 e5 2. Nf3 Nc6 3. Bb5 a6 4. Ba4 Nf6 5. O-O Be7 6. Re1 b5 7. Bb3 O-O 8. a4
b4 9. a5 d6 10. d3 Be6 11. Bxe6 {A relatively new idea. White exchanges the
bishops, opens the f-file for Black, but he hopes that the double-pawns on the
e-file will be a weakness for Black.} (11. Nbd2 {is the another main move.})
11... fxe6 12. Nbd2 Rb8 13. c3 ({In the first round Carlsen had this line with
Black too,} 13. Nb3 Qc8 14. Qe2 Nd8 15. d4 exd4 16. Nbxd4 c5 17. Nb3 e5 18.
Nbd2 Ne6 19. Nc4 Nd4 20. Nxd4 cxd4 21. Nb6 Qc6 22. Bg5 Bd8 23. Bxf6 Bxb6 24.
axb6 Rxf6 25. Rxa6 h6 26. Qd3 Rxb6 $11 {Caruana-Carlsen, Saint Louis 2017,
with an equal position.}) 13... Qe8 14. Nc4 $146 {A novelty by Carlsen.} ({
Recently} 14. d4 {was played by Topalov,} bxc3 15. bxc3 exd4 16. cxd4 Rb5 17.
Nc4 Qg6 18. Qe2 Nd7 $13 {Topalov-Adams, Shamkir 2017, with an unclear
middlegame.}) 14... Qg6 15. h3 Nd7 {A typical continuation, Black prepares for
...d5.} ({Nevertheless I prefer} 15... Nh5 $5 {like an active move to play for
...Nf4.}) 16. Be3 d5 17. Ncd2 {Of course White doesn't exchange. The e5- and
e6-pawns became weaker.} bxc3 18. bxc3 Nc5 19. Bxc5 $1 {At first this seems a
strange move. Why does White give up his nice bishop? The knight was exerting
pressure on d3; moreover after removing the knight White has an extra
possibility on the next move.} Bxc5 20. Qa4 $1 {This was the point of White's
previous move.} Rb2 $5 {Ambitious reply!} 21. Rf1 $1 {Very deep move! Carlsen
protects his f2-pawn in advance, now the c6-knight is hanging already.} ({
The careless} 21. Qxc6 $2 {loses immediately, because of} Bxf2+ $1 22. Kxf2
Rxd2+ $19 {and Black is winning.}) 21... Na7 $6 {Too passive a move!} (21...
Qe8 {should have been played, however} 22. Rab1 Rxb1 23. Rxb1 $14 {and White
is more comfortable.}) 22. Nxe5 Qh6 23. Ndf3 Nb5 24. Rae1 $1 {White doesn't
protect the c3-pawn and he solves the problem with a nice idea.} ({Moreover} 
24. Rac1 $2 {could have been met by} Rxf2 $1 25. Rxf2 Qxc1+ $19 {and Black
wins.}) 24... Nxc3 ({In the event of} 24... Bd6 25. exd5 exd5 (25... Nxc3 26.
Qa1 $1 $16 {important tempo!}) 26. Qa1 $1 Rc2 27. c4 $1 $16 {White is better
too.}) 25. Qc6 $1 {Suddenly Black has a lot of weaknesses on the queenside.
White is safe, his pieces are active, the white queen is threatening to take
the pawns.} Bb4 26. Kh1 {Probably this is not the strongest move, but a good
practical prophylactic reply. The king moves away from a possible ...Ne2+.}
dxe4 (26... Ne2 27. Rb1 $16 {is similar to the text move.}) 27. dxe4 Ne2 28.
Rb1 {White simplifies the position, so Black's pressure is decreasing.} Rxb1
29. Rxb1 Bd6 30. Qxa6 {Carlsen starts to eat the pawns.} Nf4 31. Qb5 c5 32. a6
{It's time to advance the passed pawn.} Bxe5 33. Nxe5 Qg5 34. Ng4 h5 35. Ne3 {
White is safe.} Nxg2 {Still the best practical chance, otherwise White
promotes his a-pawn without any counterplay.} 36. Nxg2 Rxf2 37. Rg1 Kh7 38. Qd3
{It is important to come back with the queen especially in time pressure.} Qe5
39. Qe3 Ra2 40. Qf4 {The best practical move. White doesn't protect his a-pawn,
he wants to exchange the queens and then he can win without any difficulties.}
Qc3 41. Ne3 Qf6 ({Or} 41... Rxa6 42. Qg5 $18 {and Black has no hope.}) 42. Qxf6
gxf6 43. Rc1 Rxa6 44. Kg2 $1 {Correct reply!} ({The greedy} 44. Rxc5 {could
have been met by} Ra3 {and Black wins the h3-pawn and he survives.}) 44... Ra2+
45. Rc2 Ra5 46. Kf3 Kg6 47. h4 Rb5 48. Ra2 Rb1 49. Rc2 Rb5 50. Rc3 f5 (50...
Ra5 51. Ng2 $18 {is also hopeless for Black.}) 51. exf5+ exf5 52. Rd3 {A very
nice victory by Carlsen!} 1-0

[Event "Douglas IoM op"]
[Site "Douglas"]
[Date "2017.09.25"]
[Round "3"]
[White "Carlsen, Magnus"]
[Black "Xiong, Jeffery"]
[Result "1-0"]
[WhiteElo "2827"]
[BlackElo "2633"]
[Annotator "Krasenkow,M"]
[PlyCount "65"]
[EventDate "2017.09.23"]
[EventType "swiss"]
[EventRounds "9"]
[EventCountry "IOM"]
[SourceTitle "CBM 181"]
[Source "ChessBase"]
[SourceDate "2017.11.10"]
[SourceVersion "1"]
[SourceVersionDate "2017.11.10"]
[SourceQuality "1"]

1. Nf3 c5 2. c3 Nf6 3. d4 e6 4. Bg5 d5 5. e3 h6 6. Bh4 Nc6 7. Nbd2 a6 {A rare
move, not very useful for Black. Jeffery Xiong probably wanted to avoid
theoretical lines} (7... Be7) ({or} 7... Bd6) 8. Bd3 Be7 9. O-O Nd7 $146 (9...
b5 {is premature:} 10. dxc5 Bxc5 11. b4 Be7 12. a4 bxa4 13. Qxa4 Bb7 14. Ne5
Qc8 15. Ndf3 (15. Nxc6 $5 Bxc6 16. Bxa6) 15... O-O 16. Rfc1 Qc7 17. Bg3 Nxe5
18. Bxe5 Bd6 19. Bxf6 gxf6 20. c4 $14 {1-0 (43) Gausel,E (2490)-Djurhuus,R 
(2495) Gausdal 1995}) 10. Bxe7 {This exchange makes Black's development task
easier.} (10. Bg3 $5 {looks more logical.}) 10... Nxe7 {Looks like an
unnatural recapture but} (10... Qxe7 {is met with} 11. e4 $1 dxe4 $140 12. Bxe4
O-O 13. Re1 {[%cal Ge1e7] , and Black's queen becomes vulnerable on e7.}) 11.
Ne5 {Hardly a good continuation but after, say,} (11. a4 b6 {[%cal Yc8b7]
White has no plus whatsoever.}) 11... cxd4 $6 (11... Nxe5 $142 $1 12. dxe5 Nc6
13. Qg4 (13. f4 {loses a pawn after} c4 14. Bc2 Qb6) 13... Qg5 $1 14. Qxg5 hxg5
15. f4 gxf4 16. exf4 Bd7 $11) 12. exd4 Nxe5 13. dxe5 Bd7 14. Re1 $14 {Now we
have a typical position, slighly superior for White due to his better bishop.}
Rc8 {Black starts a pawn attack on the queenside; however, it is too slow.} (
14... Qb6 15. Rb1 O-O 16. Nf3 f5 17. exf6 Rxf6 {is probably better. Black
weakens the e5-square and the e6-pawn but activates his pieces.}) 15. Nf3 b5
16. h4 a5 17. a3 Qb6 18. Qd2 b4 $6 ({In the event of} 18... O-O {Black's king
can easily come under attack:} 19. Re3 {then h4-h5, possibly Bd3-c2 and Qd2-d3
etc. But the pawn sacrifice is clearly incorrect.}) 19. cxb4 axb4 20. a4 {
White declines the offer and prefers to attack Black's king.} ({Magnus Carlsen
was probably unsure of the endgame after} 20. Qxb4 Qxb4 21. axb4 Nc6 (21... Rb8
$143 22. Rec1 Kd8 23. b5 $18) 22. Rec1 Ke7 23. b5 Nb4 24. Bf1 Rxc1 25. Rxc1 Rc8
26. Rxc8 Bxc8 27. Nd4 {. It should be winning, though.}) 20... Ra8 21. b3 O-O
22. Rac1 Rfc8 23. h5 $6 {Premature.} (23. Nd4 $16 {, stopping Black's
counterplay, is more accurate.}) (23. Bb5 Bxb5 24. Qxb4 {is less clear due to}
Rab8 25. Qxe7 (25. Rxc8+ Nxc8) 25... Bd3 26. Rxc8+ Rxc8 27. b4 Rc2 28. Re3 Bg6
$132) 23... Kf8 $6 {Missing} (23... Rc3 $1 24. Rxc3 bxc3 25. Qxc3 Rc8 {Black
regains the pawn with good drawing chances.}) 24. g4 $6 ({Here} 24. Bb5 $1 Bxb5
25. Qxb4 {was very strong. White won a pawn without any compensation. The text
move, continuing White's kingside assault, is less convincing.}) 24... Rc3 {
(a bit late)} 25. g5 {[%mdl 128]} hxg5 (25... Nf5 $1 {was a better defence
although Black's position remained dangerous.}) 26. Rxc3 bxc3 27. Qxg5 Nf5 (
27... Ng8 28. Kh1 {[%cal Ye1g1]} Qd8 29. Qg3 $40) 28. Bxf5 exf5 29. e6 $1 Bxe6
30. h6 $1 gxh6 31. Qf6 Kg8 $4 {[%mdl 8192] This error leads to an immediate
defeat but after} (31... Qd8 $1 32. Qxc3 $1 {White retains strong pressure
anyway.}) 32. Qxh6 {[%cal Rg1h1] Unexpectedly, Black has no defence.} Qb4 33.
Kh1 1-0

[Event "Douglas IoM op"]
[Site "Douglas"]
[Date "2017.09.27"]
[Round "5"]
[White "Carlsen, Magnus"]
[Black "Granda Zuniga, Julio E"]
[Result "1-0"]
[WhiteElo "2827"]
[BlackElo "2653"]
[PlyCount "55"]
[EventDate "2017.09.23"]
[EventType "swiss"]
[EventRounds "9"]
[EventCountry "IOM"]
[SourceTitle "CBM 181"]
[Source "ChessBase"]
[SourceDate "2017.11.10"]
[SourceVersion "1"]
[SourceVersionDate "2017.11.10"]
[SourceQuality "1"]

1. e4 e5 2. Nf3 Nf6 3. Nxe5 d6 4. Nf3 Nxe4 5. d4 d5 6. Bd3 Be7 7. O-O O-O 8. c4
Nf6 9. Nc3 Nc6 10. cxd5 Nb4 11. Re1 Nbxd5 12. h3 c6 13. a3 Re8 14. Qc2 h6 15.
Nxd5 Nxd5 16. Ne5 Bd6 17. Bh7+ Kf8 18. Bd2 Be6 19. Re2 Nf6 20. Rae1 Qc7 21.
Ng6+ fxg6 22. Rxe6 Nxh7 23. Rxe8+ Rxe8 24. Rxe8+ Kxe8 25. Qxg6+ Kd8 26. Qxh7
Qe7 27. g3 Kc7 28. Qg6 1-0

[Event "Douglas IoM op"]
[Site "Douglas"]
[Date "2017.09.29"]
[Round "7"]
[White "Carlsen, Magnus"]
[Black "Vidit, Santosh Gujrathi"]
[Result "1/2-1/2"]
[WhiteElo "2827"]
[BlackElo "2702"]
[PlyCount "61"]
[EventDate "2017.09.23"]
[EventType "swiss"]
[EventRounds "9"]
[EventCountry "IOM"]
[SourceTitle "CBM 181"]
[Source "ChessBase"]
[SourceDate "2017.11.10"]
[SourceVersion "1"]
[SourceVersionDate "2017.11.10"]
[SourceQuality "1"]

1. Nf3 d5 2. g3 g6 3. Bg2 Bg7 4. O-O e5 5. d3 Ne7 6. e4 O-O 7. exd5 Nxd5 8. Re1
Nc6 9. Nc3 Nde7 10. Rb1 a5 11. b3 Re8 12. Bb2 Nf5 13. Nb5 a4 14. c4 axb3 15.
axb3 Nd6 16. Ra1 Rxa1 17. Bxa1 Nxb5 18. cxb5 Nd4 19. Bxd4 exd4 20. Rxe8+ Qxe8
21. Qc1 Bd7 22. Qxc7 Bxb5 23. Bf1 Bc6 24. Qf4 Bxf3 25. Qxf3 Qc6 26. Qd1 b6 27.
Bg2 Qe6 28. Bb7 Bf8 29. Qf3 Kg7 30. Qf4 Qf6 31. Qxf6+ 1/2-1/2

[Event "Saint Louis Carlsen-Ding Showdown G05"]
[Site "Saint Louis"]
[Date "2017.11.14"]
[Round "1"]
[White "Carlsen, Magnus"]
[Black "Ding, Liren"]
[Result "1/2-1/2"]
[WhiteElo "2837"]
[BlackElo "2774"]
[PlyCount "99"]
[EventDate "2017.11.14"]
[EventType "match (blitz)"]
[EventRounds "12"]
[EventCountry "USA"]
[SourceTitle "CBM 182"]
[Source "ChessBase"]
[SourceDate "2018.01.17"]
[SourceVersion "1"]
[SourceVersionDate "2018.01.17"]
[SourceQuality "1"]

1. Nf3 c5 2. e3 Nf6 3. d4 e6 4. c4 d5 5. cxd5 exd5 6. Bb5+ Bd7 7. Bxd7+ Nbxd7
8. O-O c4 9. a4 a6 10. a5 Bd6 11. b3 Rc8 12. bxc4 dxc4 13. Qa4 O-O 14. Ba3 b5
15. axb6 Nxb6 16. Qc2 Nbd5 17. Nc3 Nxc3 18. Qxc3 Rc6 19. Bxd6 Qxd6 20. Ne5 Rc7
21. Qa3 Qxa3 22. Rxa3 c3 23. Rc1 c2 24. Kf1 Rb8 25. Rxa6 h5 26. Ra2 Rb1 27. Nd3
Rc3 28. Raxc2 Rxc1+ 29. Rxc1 Rxd3 30. Ke2 Ra3 31. Rc2 g6 32. Kf3 Kg7 33. h3 g5
34. Rc5 Kg6 35. Rc6 h4 36. g4 hxg3 37. Kxg3 Kf5 38. Rc5+ Kg6 39. Rc6 Kg7 40. h4
g4 41. h5 Nxh5+ 42. Kxg4 Nf6+ 43. Kf3 Nd5 44. Rc5 Nb4 45. Rb5 Nc6 46. Ke4 Ne7
47. Rb7 Kf6 48. Rb6+ Kg7 49. Rb7 Kf6 50. Rb6+ 1/2-1/2

[Event "Saint Louis Carlsen-Ding Showdown G05"]
[Site "Saint Louis"]
[Date "2017.11.14"]
[Round "9"]
[White "Carlsen, Magnus"]
[Black "Ding, Liren"]
[Result "1/2-1/2"]
[WhiteElo "2837"]
[BlackElo "2774"]
[PlyCount "84"]
[EventDate "2017.11.14"]
[EventType "match (blitz)"]
[EventRounds "12"]
[EventCountry "USA"]
[SourceTitle "CBM 182"]
[Source "ChessBase"]
[SourceDate "2018.01.17"]
[SourceVersion "1"]
[SourceVersionDate "2018.01.17"]
[SourceQuality "1"]

1. e4 c5 2. Nf3 d6 3. Bb5+ Nd7 4. a4 Ngf6 5. Nc3 a6 6. Bxd7+ Bxd7 7. a5 g6 8.
O-O Bg7 9. e5 dxe5 10. Nxe5 O-O 11. d3 Be6 12. Re1 Nd5 13. Bd2 Qc7 14. Nxd5
Bxd5 15. Bc3 Rad8 16. Qe2 f6 17. Nc4 e5 18. b3 Rfe8 19. f3 Bf8 20. Qf2 Bc6 21.
Re2 Qf7 22. Rae1 g5 23. Bd2 h6 24. Be3 Qd5 25. Nd2 f5 26. Nc4 e4 27. dxe4 fxe4
28. f4 gxf4 29. Qxf4 Bg7 30. Qh4 Kh7 31. Rd2 Qg8 32. Rxd8 Rxd8 33. Ne5 Re8 34.
Ng4 Qe6 35. h3 Rf8 36. Bxc5 Rf5 37. Be3 h5 38. Nf2 Bf6 39. Qg3 Be5 40. Qh4 Bf6
41. Qg3 Be5 42. Qh4 Bf6 1/2-1/2

[Event "London Classic 9th"]
[Site "London"]
[Date "2017.12.01"]
[Round "1"]
[White "Carlsen, Magnus"]
[Black "Caruana, Fabiano"]
[Result "1/2-1/2"]
[WhiteElo "2837"]
[BlackElo "2799"]
[Annotator "Yermolinsky,A"]
[PlyCount "108"]
[EventDate "2017.12.01"]
[EventType "tourn"]
[EventRounds "9"]
[EventCountry "ENG"]
[EventCategory "22"]
[SourceTitle "CBM 182"]
[Source "ChessBase"]
[SourceDate "2018.01.17"]
[SourceVersion "1"]
[SourceVersionDate "2018.01.17"]
[SourceQuality "1"]

1. d4 d5 2. c4 dxc4 {Caruana successfully relied on the Queen's Gambit
Accepted in his match with Grischuk, Champions Showdown, St. Louis 2017.} 3. e3
{The quietest line. White makes sure to get his pawn back.} ({Alexander
focussed on} 3. e4) 3... Nf6 4. Bxc4 e6 5. Nf3 c5 6. O-O a6 7. Be2 $5 {Typical
Magnus. This move is way down the list of White's options.} Nbd7 {Caruana is
careful to sidestep Carlsen's preparation.} (7... cxd4 8. exd4 Nc6 9. Nc3 Be7
10. Be3 {was seen in Aronian-Caruana, Sinquefield Cup 2017. While the position
of Be2 doesn't lend a hand to White's usual attacking ambition on the kingside,
he can choose a different plan. Fabiano reacted quickly} Ng4 $5 ({not allowing
White to expand after} 10... O-O 11. Ne5) 11. Bf4 Nf6 {defended a slightly
worse position very successfully, and later took advantage of Levon's blunder.
The whole affair took 110 moves!}) 8. Nc3 b6 $5 (8... b5 {seems obvious, but
there lies the point of Carlsen's idea.} 9. e4 b4 10. e5 bxc3 11. exf6 Nxf6 ({
But} 11... cxb2 $6 {is much worse:} 12. fxg7 bxa1=Q $2 13. gxh8=Q {The same as
in the similar position of the Meran Variation: the four queens on the board
make the weak black king the decisive factor in the battle.}) 12. bxc3 {
With his bishop on e2, instead of d3, White is much better suited for
subsequent play with Ne5 and Bf3.}) 9. e4 cxd4 10. Nxd4 Bb7 11. Be3 $5 {
Still in Magnus's preparation. Now he offers a pawn sac.} ({The immediate} 11.
f3 {would have pointed Black in the right direction:} Qb8 $1 12. Be3 Bd6 13. g3
h5 $5) 11... Bc5 {With this move Caruana accepts a slightly worse position.} ({
One wonders about} 11... Nxe4 12. Nxe4 Bxe4 13. Bf3 Bxf3 14. Qxf3 Bc5 {Clearly,
White has some play, but is it enough to claim an advantage? Practical testing
is awaited.}) 12. f3 $14 {There are many classical examples, some from
Kramnik's games, of White benefiting from his g2-f3-e4 pawn chain. Black's Nf6
and Bb7 are restricted.} O-O 13. Qe1 ({The more direct} 13. Qd2 Rc8 14. Na4 Be7
15. b4 b5 16. Nb2 {would leave Black searching for a suitable square for his
queen, while a2-a4 won't be long in coming.}) 13... Rc8 14. Qf2 b5 15. Rac1 Qe7
{Now possible, as the Bc5 can retreat along the other diagonal.} 16. a4 ({
I figure Kramnik would have preferred} 16. Nb3 Bxe3 17. Qxe3 {eyeing that
a5-square.}) 16... bxa4 17. Nxa4 Bd6 $6 {A surprising choice.} (17... Ba7 {
was safe, as} 18. Nf5 $2 exf5 19. Bxa7 fxe4 {loses a pawn for White.}) 18. Nb3
Bc6 19. Nc3 Rb8 20. Na5 Ba8 21. Nc4 Bc5 22. Rfd1 Rfc8 23. Na4 $6 {True to his
style of play, Magnus seeks some clarification, but taking his knight to the
edge of the board cost him a big chunk of his advantage.} ({The logical choice
would have been} 23. Ra1 {to hit the weak pawn. White can also have plans for
central expansion, such as in} Bxe3 24. Qxe3 Nc5 25. Nd6 Rc6 26. e5 Nfd7 27. f4
) 23... Bxe3 24. Qxe3 Qb4 $1 {A timely activity to interfere with White's
plans.} 25. Qa3 {This was expected from Magnus Carlsen.} (25. Nc3) 25... h6 26.
Kf1 ({White could have accomplished more simplification with the help of a
little tactic} 26. Ncb6 $5 Qxa3 27. Rxc8+ Rxc8 28. bxa3 Nxb6 29. Nxb6 Rb8 30.
Nxa8 Rxa8 31. Rc1 $14) 26... g5 27. Rc3 a5 28. Qxb4 axb4 {A welcome pawn
structure change if you're a Caruana fan. Still, White is a little better, and
Magnus is Magnus.} 29. Rcc1 Kf8 30. Na5 Ke7 31. Kf2 Rxc1 32. Rxc1 Ne8 33. Ke3
Nd6 34. Nc5 Rc8 35. Nab3 f5 $6 (35... Ne5 {would have prevented White from
trading rooks, which he needs to accomplish if he's serious about hitting that
b4-pawn.}) 36. Nxd7 Rxc1 37. Nxc1 Kxd7 38. Nd3 $6 ({It is surprising to see
Carlsen neglecting a chance to win a clean pawn after} 38. Bd3 fxe4 39. fxe4 {
and there's no stopping the threat of Na2. Truth to tell, White would still be
a long ways from winning the game.} e5 40. Na2 Kc7 41. Nxb4 Kb6) 38... fxe4 39.
fxe4 Ke7 40. e5 ({Another option was} 40. Bf3 g4 41. Bxg4 Bxe4 42. Bf3 Bxd3 43.
Kxd3 e5 $14) 40... Nf5+ 41. Kf2 Nd4 42. Bd1 b3 43. Nb4 Bd5 44. g3 (44. Nxd5+
exd5 45. Ke3 Nf5+ 46. Kd3 Ke6 47. Bxb3 Kxe5 {An outside passer is always
useful in B vs N endgames, but here Black is well centralised and therefore
should hold.}) 44... Bc4 45. Ke3 Nf5+ 46. Ke4 $6 (46. Kd2 {seemed more
promising:} Kd7 47. Bf3 Kc7 48. Kc3) 46... Kd7 47. g4 {This pawn will be a
target for Black's counterplay.} Ne7 48. Kd4 Bf1 49. Bxb3 Be2 50. h3 Bf1 51.
Nd3 Nc6+ 52. Kc5 $5 {A fancy way to reach a draw that seened inevitable anyhow.
} Bxd3 53. Ba4 Be4 54. Kb6 Bd5 {Of course Black cannot unpin, but he can wait
for the white pawn to come to b5, and then his knight can move away.} 1/2-1/2